| 000 | 00939naa a2200253 4500 | ||
|---|---|---|---|
| 005 | 20090613153750.0 | ||
| 008 | 080827t xxu||||| |||| 00| 0 eng d | ||
| 010 | _aENG-93979 | ||
| 020 |
_a8126018836 _c110.00 |
||
| 035 | _aEN-77512 | ||
| 037 | _bDBAD / PUB | ||
| 040 |
_adpl _bEnglish |
||
| 082 | _aN | ||
| 100 | _aMukundan, M. | ||
| 245 |
_aAdityan, Radha and others / _cOriginal in Malayalam by M. Mukundan; translated by C. Gopinathan Pillai |
||
| 246 | _aAdityanum Radhayum Mattu Chilarum | ||
| 260 |
_aNew Delhi _bSahitya Akademi _c2004 |
||
| 270 |
_aRabindra Bhavan, 35, Ferozeshah Road, _bNew Delhi _e110 001 |
||
| 300 |
_a177p. _c20cm(Hb) |
||
| 650 |
_aMalayalam fiction _vTranslation into English |
||
| 700 | _aPillai, C. Gopinathan | ||
| 942 |
_adpl _cEN _2ddc _mADI _hN |
||
| 999 |
_c27431 _d27431 |
||